书目信息 |
| 题名: |
科学年鉴
|
|
| 作者: | 诺尔特 主编 | |
| 分册: | 1973 | |
| 出版信息: | 北京 科学出版社 1973 |
|
| 页数: | 272页 | |
| 开本: | 26cm | |
| 丛书名: | ||
| 单 册: | ||
| 中图分类: | N54 | |
| 科图分类: | ||
| 主题词: | 自然科学--年鉴 , 自然科学--年刊 | |
| 电子资源: | ||
| ISBN: | ||
| 000 | 00564nam0 2200205 45 | |
| 001 | 0312221749 | |
| 005 | 20060602105200.68 | |
| 010 | @dCNY2.70 | |
| 091 | @a13031.154 | |
| 100 | @a20031222d1973 km y0chiy0120 ea | |
| 101 | @achi@ceng | |
| 200 | 1 | @a科学年鉴@AKe Xue Nian Jian@h1973@f(美)威廉H·诺尔特主编@F(Mei)Wei Lian H·Nuo Er Te Zhu Bian |
| 210 | @a北京@c科学出版社@d1973 | |
| 215 | @a272页@d26cm | |
| 606 | 0 | @a自然科学@x年鉴 |
| 606 | 0 | @a自然科学@x年刊 |
| 690 | @aN54@v3 | |
| 701 | 0 | @a诺尔特@4主编 |
| 801 | @aCN@bTSTCL@c20060602 | |
| 905 | @dN54@e120(1973) | |
| 科学年鉴.1973/(美)威廉H·诺尔特主编.-北京:科学出版社,1973 |
| 272页;26cm |
| ISBN :CNY2.70 |
| ● |
| 相关链接 |
|
|
|
|
正题名:科学年鉴
索取号:N54/120(1973)
 
预约/预借
| 序号 | 登录号 | 条形码 | 馆藏地/架位号 | 状态 | 备注 |
| 1 | 0421939 | 204219390 | 密集书库/ [索取号:N54/120(1973)] | 在馆 | |
| 2 | 0421940 | 204219407 | 密集书库/ [索取号:N54/120(1973)] | 在馆 |